Macroeconomic theory : (Record no. 3616)

000 -LEADER
fixed length control field 01313cam a22002894a 4500
001 - CONTROL NUMBER
control field 15046646
003 - CONTROL NUMBER IDENTIFIER
control field Nust
005 - DATE AND TIME OF LATEST TRANSACTION
control field 20180117090010.0
008 - FIXED-LENGTH DATA ELEMENTS--GENERAL INFORMATION
fixed length control field 071016s2008 njua b 001 0 eng
010 ## - LIBRARY OF CONGRESS CONTROL NUMBER
LC control number 2007939554
020 ## - INTERNATIONAL STANDARD BOOK NUMBER
International Standard Book Number 9780691116402 (alk. paper)
040 ## - CATALOGING SOURCE
Original cataloging agency DLC
Transcribing agency DLC
Modifying agency DLC
050 00 - LIBRARY OF CONGRESS CALL NUMBER
Classification number HB172.5
Item number .W53 2008
082 00 - DEWEY DECIMAL CLASSIFICATION NUMBER
Classification number 339
Edition number 22
100 1# - MAIN ENTRY--PERSONAL NAME
Personal name Wickens, Mike.
245 10 - TITLE STATEMENT
Title Macroeconomic theory :
Remainder of title a dynamic general equilibrium approach /
Statement of responsibility, etc. Michael Wickens.
260 ## - PUBLICATION, DISTRIBUTION, ETC.
Place of publication, distribution, etc. Princeton :
Name of publisher, distributor, etc. Princeton University Press,
Date of publication, distribution, etc. c2008.
300 ## - PHYSICAL DESCRIPTION
Extent xv, 470 p. :
Other physical details ill. ;
Dimensions 27 cm.
504 ## - BIBLIOGRAPHY, ETC. NOTE
Bibliography, etc. note Includes bibliographical references (p. [459]-469) and index.
650 #0 - SUBJECT ADDED ENTRY--TOPICAL TERM
Topical term or geographic name entry element Macroeconomics.
906 ## - LOCAL DATA ELEMENT F, LDF (RLIN)
a 7
b cbc
c orignew
d 2
e epcn
f 20
g y-gencatlg
942 ## - ADDED ENTRY ELEMENTS (KOHA)
Source of classification or shelving scheme
Koha item type Book
Holdings
Withdrawn status Lost status Source of classification or shelving scheme Damaged status Not for loan Collection code Permanent Location Current Location Shelving location Date acquired Total Checkouts Full call number Barcode Date last seen Date last checked out Price effective from Koha item type
            Central Library (CL) Central Library (CL) General Stacks 11/22/2016 1 339 WIC S3H-P-117 11/19/2019 09/27/2019 11/22/2016 Book
            Central Library (CL) Central Library (CL) General Stacks 11/23/2016   339 WIC S3H-P-118 11/23/2016   11/23/2016 Book
            Central Library (CL) Central Library (CL) General Stacks 12/06/2016   339 WIC S3H-P-116 12/06/2016   12/06/2016 Book
© 2023 Central Library, National University of Sciences and Technology. All Rights Reserved.